| 000 | 00860nam a2200241 a 4500 | ||
|---|---|---|---|
| 999 |
_c7170 _d7170 |
||
| 001 | 7170 | ||
| 003 | BD-JhCC | ||
| 005 | 20180210103952.0 | ||
| 008 | 180205s2007 bg a|||| b||| 001 0 ben d | ||
| 020 | _a9844460638 | ||
| 035 | _a(BD-JhCC)7170 | ||
| 040 |
_aBD-JhCC _dBD-JhCC |
||
| 041 | _aben | ||
| 082 |
_a954.025 _bSHA 2007 |
||
| 100 | _aশাহনাওয়াজ, এ কে এম | ||
| 245 |
_aভারত উপমহাদেশের ইতিহাস মধ্যযুগ : মোগল পর্ব / _cএ কে এম শাহনাওয়াজ, |
||
| 260 |
_aঢাকা : _bপ্রতীক প্রকাশনী, _c2007. |
||
| 300 |
_a261 p. : _bill. , _c22 cm. |
||
| 504 | _aIncluding Bibliographical Reference and Index | ||
| 651 |
_aIndia _xHistory of Subcontinent _yMughal Period |
||
| 942 |
_2ddc _cBK |
||